000 00880nam a2200217 a 4500
001 000041273
005 20201002034739.0
008 130927s2000 sp 000 0 spa d
020 _a9788400078546
040 _aDO-SdBNP
_bspa
_cBNPHU
082 _axxxxx
_bxxxxx
100 1 _aGonzález Casasnovas, Ignacio
_967883
245 1 4 _aLas dudas de la corona :
_bla política de repartimiento para la minería de Potosí (1680-1732) /
_cIgnacio González Casasnovas ; prólogo Juan Pérez de Tudela y Bueno.
260 _aMadrid, :
_bCSIC,
_c2000.
300 _aviii, 475 p. ;
_c24 cm.
490 1 _aBiblioteca de historia de américa
_v20
504 _aIncluye referencias bibliográficas y notas al pie de las páginas
504 _aBibliografías : p. 463-475
700 1 _aPérez Tudela y Bueno, Juan de,
_epról.
_967884
830 4 _aBiblioteca de historia de américa
_n20
_967885
999 _c40763
_d40763